000 01544nam a2200325 a 4500
001 000000812
003 DO-SdBNP
005 20250808115015.0
007 ta
008 090522s198u dr bc 000 0 spa d
040 _aDO-SdBNP
_bspa
_cBNPHU
082 4 _a305.8
_bA958b
_222
100 1 _aÁvila Suero, Víctor
_92824
245 1 0 _aBarreras :
_bestudio etnográfico de una comunidad rural dominicana /
_cVíctor Ávila Suero.
260 _aSanto Domingo :
_bUNAPEC,
_c[198?].
300 _a189 p. :
_bmapa, retrs. ;
_c22 cm.
500 _aIncluye datos biográficos del autor en la contracubierta
504 _aIncluye referencias bibliográficas y notas al pie de las páginas
504 _aBibliografía : p. 183-189
505 0 _aPrefacio --
_tAgradecimientos --
_tEl contexto geográfico --
_tLa economía --
_tLa religión --
_tSupersticiones, tradiciones y diversión --
_tSalud y curanderismo --
_tMatrimonio y familia --
_tProblemas comunitario --
_tConflicto y cambio social --
_tApéndice --
_tBibliografía.
590 _aInventariado, 2018/BT
650 4 _aEtnología
_92825
650 0 _aComunidades rurales
_92826
651 4 _aBarreras Azua (República Dominicana)
_xVida social y costumbres
_92827
651 4 _aBarreras Azua, República Dominicana)
_xCondiciones sociales
_92828
651 4 _aBarreras, Azua (República Dominicana)
_xCondiciones económicas
_92829
710 2 _aUniversidad Acción Pro-Educación y Cultura UNAPEC (República Dominicana)
_92830
910 _aValidado. Control de calidad. MFF
942 _2ddc
_cLBS1
999 _c808
_d808